Autorretrato.

Uloženo v:
Podrobná bibliografie
Hlavní autor: Paul, Celia (autora)
Další autoři: Cross, Esther (traducción)
Médium: Neznámo
Jazyk:angličtina
Vydáno: Buenos Aires, Argentina: Chai editora, 2021.
Vydání:Primera edición.
Témata:
Tagy: Přidat tag
Žádné tagy, Buďte první, kdo vytvoří štítek k tomuto záznamu!

MARC

LEADER 00000 a2200000 4500
003 CL-VaPUC
005 20240705103654.0
008 240624t2021 ||||| |||| 00| 0 eng d
999 |c 444024  |d 444022 
020 |a 978-987-48012-3-4 
040 |c Pontificia Universidad Católica de Valparaíso 
082 |2 22  |a 759.2 PAU 2021 
100 |a Paul, Celia  |9 889627  |e autora 
245 |a Autorretrato.  
250 |a Primera edición. 
260 |a Buenos Aires, Argentina:  |b Chai editora,  |c 2021. 
300 |a 219 páginas. 
583 |k GC  |c 20240624 
600 0 |9 889627  |a Paul, Celia  |v Autobiografía   |x Artista británica  
650 0 |9 265046  |a Pintura  |z Inglaterra   |y Siglo 21 
700 |9 889722  |a Cross, Esther   |e traducción 
942 |2 ddc  |c BK 
952 |0 0  |1 0  |2 ddc  |4 0  |6 759_200000000000000_PAU_2021  |7 0  |8 A  |9 595162  |a BIBART  |b BIBART  |d 2024-06-21  |e 135  |g 17910.00  |i 5661598  |o 759.2 PAU 2021  |p 5661598  |r 2025-03-13  |t 1  |v 17910.00  |w 2024-06-21  |y BK  |k ART